| 000 | 01012nam a22003137a 4500 | ||
|---|---|---|---|
| 003 | CHAP | ||
| 005 | 20220329140732.0 | ||
| 008 | 971013s1943 r 00010 d | ||
| 010 | _a56755 | ||
| 011 | _a57727 | ||
| 035 | _a61882 | ||
| 040 | _cCHAP | ||
| 082 |
_a581.194 _bS24 |
||
| 100 | 0 | 0 |
_aSchopfer, W. H. _9103145 |
| 245 | _aPlants and vitamins | ||
| 260 |
_aWaltham : _bChronica Botanica, _c1943 |
||
| 300 |
_a293 p. _b: ilus. |
||
| 490 |
_aNew series of plant science books _v; 11 |
||
| 590 |
_aBATCH-UPD _b10 _c20130110 _lUCH01 _h0639 |
||
| 590 |
_aBATCH-UPD _b10 _c20130110 _lUCH01 _h2313 |
||
| 590 |
_aCONVERSION _b10 _c20130109 _lUCH01 _h1330 |
||
| 650 | 1 | 4 |
_aPlantas _xCrecimiento _xAditivos. _988804 |
| 650 | 1 | 4 |
_aVitaminas en plantas. _9120024 |
| 830 | 0 |
_aNew series of plant science books _v; 11 _981011 |
|
| 901 | _aBK | ||
| 942 | _cLIBRO | ||
| 949 |
_a581.194 S24 _bBC _cLIBRO _d33724000452587 _eLIBRO _h9382 _i61882 _si |
||
| 949 |
_a581.194 S24 _bBC _cLIBRO _d33724000452603 _eLIBRO _fc.2 _h9383 _i61882 _si |
||
| 999 |
_c56755 _d56755 |
||